• 首页
  • 本馆介绍
  • 公告通知
  • 最新文献
  • 馆藏检索
  • 电子资源
  • 读者导购
  • 参考咨询
  • 我的图书馆
  • 登录
  • 详细信息显示
  • 放入我的书架
  • 预约/预借图书
  • 作者相关作品
  • 分类相关作品
  • 丛书相关作品
  • 出版社相关作品

书目信息

  • 表格格式
  • 工作单格式
  • 卡片格式
题名:
大学梦圆
    
 
作者: ;本书编委会 编
分册:  
出版信息: 银川   宁夏人民出版社  2005
页数: 373页
开本: 23cm
丛书名:
单 册:
中图分类: I253.4 , I25
科图分类:
主题词: 报告文学--中国--现代--选集
电子资源:
ISBN: 7-227-03073-3
000 00788nam0 2200229 450
005 20070606203947.20
010    @a7-227-03073-3@dCNY28.00
100    @a20060606e20062005ekmy0chiy0110 ea
101 0  @achi
102    @aCN@b640000
105    @aa z 000yy
200 1  @a大学梦圆@Ada xue meng yuan@e我们的1977,1978@f本书编委会编
210    @a银川@c宁夏人民出版社@d2005@h2006
215    @a373页@c照片@d23cm
330    @a本书是57名中国1977、1978级大学生大学梦圆的真实故事,追忆了当年恢复高考的情景以及他们起步于大学梦圆的事业轨迹。
517 1  @a我们的1977,1978 @Awo men de 1977,1978
606 0  @a报告文学@y中国@z现代@j选集
690    @aI253.4 @v4
690    @aI25@v3
711 02 @a本书编委会@Aben shu bian wei hui@4编
801  0 @aCN@bTAOJIN@c20070606
905    @a10447@dI25@e712
    
    大学梦圆:我们的1977,1978/本书编委会编 .-银川:宁夏人民出版社,2005(2006)
    373页:照片;23cm
    
    
    ISBN 7-227-03073-3:CNY28.00
    本书是57名中国1977、1978级大学生大学梦圆的真实故事,追忆了当年恢复高考的情景以及他们起步于大学梦圆的事业轨迹。
●
相关链接 在E读中查询图书 在五车中查询图书 在当当中查询图书 在豆瓣中查询图书


正题名:大学梦圆     索取号:I25/712         预约/预借

序号 登录号 条形码 馆藏地/架位号 状态 备注
1 0527169   205271695   第一样本阅览室/ [索取号:I25/712] 在馆    
2 0527170   205271702   第二借阅区/ [索取号:I25/712] 在馆    
3 0527171   205271711   第二借阅区/ [索取号:I25/712] 在馆    
4 0527172   205271720   第二借阅区/ [索取号:I25/712] 在馆    
唐山师范学院图书馆 欢迎您!
大连网信软件有限公司© 版权所有